| 000 | 00862nam a2200229 a 4500 | ||
|---|---|---|---|
| 001 | 000002242 | ||
| 005 | 20260219111624.0 | ||
| 008 | 090701s2008 dr c 000 0 spa d | ||
| 040 |
_aDO-SdBNP _bspa _cBNPHU |
||
| 082 |
_a320.5 _bP217m |
||
| 100 | 1 |
_aPapito Rafael R.G. _97148 |
|
| 245 | 1 | 0 |
_aManifiesto bolivariano para las Américas / _cPapito Rafael R.G. |
| 260 |
_aSan Francisco de Macorís, República Dominicana : _bSelecciones, _c2008. |
||
| 300 |
_a100 p. : _bretrs. ; _c23 cm. |
||
| 500 | _aLa biblioteca posee dos ejemplares autografiadas por el autor | ||
| 590 | _aInventariado,2018/DG | ||
| 650 | 0 |
_aPanamericanismo _97149 |
|
| 651 | 4 |
_aAmérica Latina _xPolítica Y Gobierno _92618 |
|
| 650 | 4 |
_aSocialismo en américa latina _xHistoria _zSiglo Xx _97150 |
|
| 651 | 4 |
_aAmérica Latina _xHistoria _91786 |
|
| 910 | _aValidado. Control de calidad MMOLINA | ||
| 999 |
_c2089 _d2089 |
||